| 000 | 00610nam a22002057a 4500 | ||
|---|---|---|---|
| 005 | 20151127145927.0 | ||
| 010 | _aENG-114112 | ||
| 020 |
_c395.00 _a9788120351424 |
||
| 035 | _aEN-97644 | ||
| 037 | _bDBAD/PUB | ||
| 082 | _a621.3815078 | ||
| 100 | _aNavas, K. A. | ||
| 245 |
_aElectronics lab manual / _cby K. A. Navas |
||
| 250 | _a5th ed | ||
| 260 |
_aNew Delhi _bPHI Learning _c2015 |
||
| 270 |
_aRimshim House, 111, Patparganj Industrial Estate _bNew Delhi _e110012 |
||
| 300 |
_aV.1(ix,549p.) : _c25cm(pbk) _bill. |
||
| 500 | _aIncludes index | ||
| 942 |
_2ddc _cEN _mNAV _h621.3815078 |
||
| 999 |
_c97213 _d97213 |
||